[Event "LTU-ch Men 2019"]
[Site "Vilnius"]
[Date "2019.03.21"]
[Round "9.8"]
[White "Steponavicius, Stasys"]
[Black "Eigminas, Kipras"]
[Result "1-0"]
[WhiteElo "2194"]
[BlackElo "2034"]
[Annotator "TA"]
[PlyCount "63"]
[EventDate "2019.??.??"]
[EventCountry "LTU"]
[SourceTitle "playchess.com"]
[Source "ChessBase"]
[SourceQuality "1"]

{[%evp 20,63,47,53,42,47,74,66,90,96,88,99,162,171,172,64,108,87,89,140,91,0,0,0,33,50,410,30,771,753,708,267,272,244,262,262,29976,29977,6129,29968,6220,2461,6133,5273,29991,29992]} 1. d4 Nf6 2. c4 c5 3. d5 e6 4. Nc3 exd5 5. cxd5 d6 6. e4 g6 7. Nge2 Bg7 8. Ng3 O-O 9. Be2 a6 10. a4 {[%cal Ba2a4,Ba4a5][%mdl 32]} Nbd7 11. O-O h5 {A65: Modern Benoni: 6 e4} 12. Bg5 Qb6 13. Qd2 Re8 {White is slightly better.} 14. a5 (14. Kh1 Nh7 15. Bh4 Qb4 16. f4 c4 17. Bxh5 Nc5 18. f5 {1-0 (31) Bologan,V (2640)-Pichot,A (2544) Doha 2016}) 14... Qc7 15. f4 b5 $146 (15... Nh7 $16 {was called for.}) ({Predecessor:} 15... Nh7 16. Bh4 c4 17. Kh1 Ndf6 18. e5 dxe5 {0-1 (73) Arat,U (2420)-Petrov,M (2453) Cesme 2016}) 16. e5 $1 $18 {[%cal Re5f6]} dxe5 17. f5 (17. d6 $1 $18 {[%cal Rd6c7]} Qa7 18. f5 c4+ 19. Kh1) 17... e4 18. fxg6 fxg6 19. d6 $36 {[%mdl 2048] White is in control.} Qc6 20. Qf4 (20. Bxf6 $16 Nxf6 21. Qg5 {[%mdl 64] Double Attack}) 20... Rf8 $1 $11 {Strongly threatening ...Bb7.} 21. Bxf6 $1 Nxf6 22. Qg5 h4 $2 {[%mdl 8192] [#]} (22... Be6 $14) 23. Ngxe4 $2 ({Only move:} 23. Ncxe4 $1 $18 {[%mdl 512]} Nxe4 24. Rxf8+ Kxf8 25. Rf1+ Kg8 26. Qd8+ (26. Qxg6 hxg3 27. Qf7+ Kh7 $11) 26... Kh7 27. Qxh4+ {[%mdl 64] Double Attack} Kg8 28. Nxe4) 23... Nxe4 $4 {[%mdl 8192]} (23... Bf5 $11 24. Rxf5 {[%mdl 64] Double Attack} Nxe4 25. Rxf8+ (25. Qxg6 Rxf5 26. Qxf5 Bd4+ 27. Kh1 Nf2+ 28. Kg1 Qxd6 $15) 25... Rxf8 26. Qxg6 Nxc3 27. bxc3 Rf6) 24. Rxf8+ $18 Kxf8 25. Qe7+ $2 (25. Rf1+ Kg8 26. Qxg6) 25... Kg8 26. Nxe4 Bf5 27. Bf3 Qe8 $2 (27... Re8 $18 28. Nf6+ Bxf6 29. Qxf6 (29. Bxc6 Rxe7 30. dxe7 Bxe7 $16) 29... Qd7 30. Bd5+ Kh7 31. Qxh4+ Kg7) 28. Nf6+ {[%mdl 64] Discovered Attack} Bxf6 29. Bd5+ ({Weaker is} 29. Qxf6 Qe3+ 30. Kh1 Ra7 $16) 29... Kh8 30. Qxf6+ {[%mdl 64] Double Attack} Kh7 31. Bxa8 Qxa8 32. Re1 {Accuracy: White = 52%, Black = 36%.} 1-0

[Event "LTU-ch Men 2019"]
[Site "Vilnius"]
[Date "2019.03.21"]
[Round "9.9"]
[White "Kaunas, Kestutis"]
[Black "Pluta, Paulius"]
[Result "1-0"]
[WhiteElo "2156"]
[BlackElo "1846"]
[Annotator "TA"]
[PlyCount "54"]
[EventDate "2019.??.??"]
[EventCountry "LTU"]
[SourceTitle "playchess.com"]
[Source "ChessBase"]
[SourceQuality "1"]

{[%evp 9,54,22,20,18,30,41,26,35,41,33,28,29,29,31,44,39,29,19,44,0,104,87,122,110,95,62,440,440,425,432,425,43,55,53,100,42,794,810,29981,29981,6100,5386,2292,1776,1710,1713,1708]} 1. d4 d5 2. c4 e6 3. Nf3 a6 4. cxd5 exd5 5. Nc3 Nf6 6. Bg5 {D37: Queen's Gambit Declined: 5 Bf4} Be6 7. e3 Nbd7 8. Bd3 {White has an edge.} h6 9. Bf4 g5 10. Bg3 Nh5 11. Be5 Ng7 12. h3 Nxe5 13. Nxe5 Bd6 {[#]} 14. O-O $146 {[%mdl 2048] White is more active.} h5 {[#]} (14... c6 $11 {keeps the balance.}) 15. f4 $1 $16 gxf4 16. exf4 {Black must now prevent f5.} ({Much worse is} 16. Rxf4 $6 c6 $11) 16... Qh4 17. Qe1 Qf6 $2 {[%mdl 8192] [#]} (17... Qxe1 $1 $14 18. Raxe1 f5) 18. f5 $1 $18 {[%cal Rf5e6][%mdl 512]} Nxf5 (18... Bxf5 19. Nxd5) 19. Bxf5 Bxf5 20. Ng4+ $2 ({White should try} 20. Ng6+ $18 Kd7 21. Nxh8 Qxd4+ 22. Kh1) 20... Qe6 $14 21. Nf6+ $1 Kd8 {[#]} 22. Ncxd5 ({White should play} 22. Qf2 $1 $16 {[%cal Rf2f5]} Qxf6 23. Nxd5) 22... Rh6 $2 {[%mdl 8192] [#]} (22... Qxe1 $14 23. Raxe1 (23. Rfxe1 Be6 $14) 23... Be6) 23. Rxf5 $1 $18 {[%mdl 512]} c6 (23... Qxf5 24. Qe8#) 24. Qa5+ Kc8 25. Nb6+ {White is clearly winning.} Kb8 26. Nbd7+ Kc8 27. Re1 Bc7 {Accuracy: White = 53%, Black = 33%.} 1-0

[Event "LTU-ch Men 2019"]
[Site "Vilnius"]
[Date "2019.03.21"]
[Round "9.10"]
[White "Butvilas, Aistis"]
[Black "Baginskaite, Camilla"]
[Result "1-0"]
[WhiteElo "1983"]
[BlackElo "2136"]
[Annotator "TA"]
[PlyCount "117"]
[EventDate "2019.??.??"]
[EventCountry "LTU"]
[SourceTitle "playchess.com"]
[Source "ChessBase"]
[SourceQuality "1"]

{[%evp 15,117,0,8,8,6,-4,65,70,66,71,95,66,62,65,91,87,90,90,91,86,114,119,116,114,145,141,350,210,193,66,59,62,59,65,74,56,147,166,408,406,399,381,378,368,341,282,259,224,224,224,224,220,218,213,208,192,215,0,253,253,217,227,281,153,219,182,313,316,329,322,393,381,374,374,352,0,297,0,310,298,305,263,288,0,299,245,238,200,237,228,237,231,232,0,97,0,207,214,210,207,214,222,222,132]} 1. d4 Nf6 2. Nf3 d5 3. Bf4 g6 4. e3 Bg7 5. Nbd2 O-O 6. h3 c5 7. c3 b6 8. Be2 {D02: 1 d4 d5 2 Nf3 sidelines, including 2...Nf6 3 g3 and 2...Nf6 3 Bf4} (8. a4 Nc6 9. Ne5 Bb7 10. Bb5 Nxe5 11. Bxe5 c4 12. a5 a6 13. Ba4 b5 14. Bc2 Bh6 15. g4 Qd7 {1-0 (39) Maghsoodloo,P (2688)-Yu,Y (2764) St Petersburg 2018}) 8... Bb7 {LiveBook: 23 Games} 9. b4 Ne4 $146 ({Predecessor:} 9... Nbd7 10. O-O Re8 11. Qb3 Bc6 12. a4 e6 13. a5 c4 14. Qc2 b5 15. Ne5 Nxe5 16. Bxe5 {½-½ (45) Budisavljevic,L (2272)-Osaka,T (1973) Montevideo 2017}) 10. Qb3 {The position is equal.} Nc6 (10... Nxd2 $11 11. Nxd2 (11. Kxd2 c4 $11) 11... c4) 11. bxc5 $14 Na5 12. Qa3 bxc5 13. Nxe4 dxe4 14. Ne5 cxd4 15. cxd4 Rc8 16. O-O {[%cal Bh1f1,Bf1c1,Bc1c7][%mdl 32]} f6 {[#]} 17. Nd7 $1 {[%cal Rd7f8][%mdl 512]} Qxd7 18. Qxa5 Bd5 19. Rfc1 g5 20. Bc7 f5 $2 (20... e6 $16 21. Bb5 (21. Qxa7 $2 Rf7 $19) 21... Qe7) 21. Ba6 (21. Qxa7 e5 $11) 21... Ra8 22. Be5 ({Better is} 22. Bb5 $18 Qe6 23. Rc5) 22... Bxe5 23. dxe5 e6 24. Rc7 $36 {[%mdl 2048] White fights for an advantage.} Qd8 25. Rac1 f4 (25... g4 $1 $14) 26. Qa3 $16 f3 $2 (26... Qe8 27. Re7 Qg6) 27. Rc8 $18 Rxc8 28. Rxc8 Qxc8 29. Bxc8 Rxc8 {[%mdl 4096] Endgame KQ-KRB} 30. Qb2 ({Don't play} 30. Qxa7 Rc1+ 31. Kh2 Rc2 $18) 30... fxg2 31. Kxg2 Kg7 32. a4 {[%cal Ba2a4,Ba4a5][%mdl 32]} Rc7 33. Qb8 Rf7 34. a5 h6 35. Kg3 Bc4 36. Kg2 $2 ({White should try} 36. h4 $18) 36... h5 $2 {[%mdl 8192]} (36... Bd5 $1 $11 {and Black is okay.}) 37. Qb4 Bd5 38. Kf1 h4 39. Ke1 (39. Qb8 $18) 39... Kg6 (39... Rb7 $16 {is a better defense.} 40. Qc5 g4) 40. Qb8 Kf5 (40... Rf3 $142 41. Kf1 (41. Qxa7 Rxh3 42. Kf1 Rh1+ 43. Kg2 Ra1 $16) 41... Bc4+ 42. Kg2 Rf7 43. Qg8+ Rg7 44. Qe8+ Rf7) 41. Qg8 Rb7 42. Qh8 {[%csl Ge5][%cal Rh8f6]} Rf7 43. Qh5 Rg7 44. Qh6 {[%csl Ge5][%cal Rh6f6]} Rf7 45. Qh5 Rg7 $1 46. Qh6 {[%csl Ge5][%cal Rh6f6]} Rf7 47. Qh8 Kg6 48. Qg8+ Rg7 49. Qh8 $2 ({White should play} 49. Qe8+ $18 Rf7 50. Kf1) 49... Kf7 $2 {[%mdl 8192]} (49... Rf7 $1 $11 {and Black stays safe.}) 50. Kd2 Kg6 51. Kc3 Rf7 52. Qg8+ Rg7 53. Qe8+ Rf7 54. Qg8+ (54. a6 $18 {is more deadly.}) 54... Rg7 $16 55. Qe8+ (55. Qd8 $16) 55... Rf7 $1 $18 56. Kb4 {White is clearly better.} Kg7 57. Qd8 Kg6 58. Qg8+ Rg7 59. Qe8+ {Precision: White = 59%, Black = 39%.} 1-0

[Event "LTU-ch Men 2019"]
[Site "Vilnius"]
[Date "2019.03.21"]
[Round "9.11"]
[White "Stremavicius, Pijus"]
[Black "Koliasnikovas, Aironas"]
[Result "1-0"]
[WhiteElo "2079"]
[BlackElo "1860"]
[Annotator "NA RC"]
[PlyCount "113"]
[EventDate "2019.??.??"]
[EventCountry "LTU"]
[SourceTitle "playchess.com"]
[Source "ChessBase"]
[SourceQuality "1"]
[TimeControl "5400+30"]

{[%evp 11,106,0,0,0,10,5,12,0,14,6,0,-34,-20,-31,-25,-27,-37,-52,-28,-41,-17,-27,32767,32767,32767,-34,0,-17,-10,-13,0,-56,-29,-20,-48,-36,-60,-62,-50,-44,-37,-125,-95,-206,-205,32767,-162,-250,-216,-294,-129,-84,-28,-22,32767,32767,32767,32767,32767,32767,32767,32767,32767,32767,186,32767,177,227,32767,32767,32767,32767,32767,32767,32767,249,381,295,349,404,32767,32767,485,721,434,582,551,696,921,1004,32767,32767,32767,32767,1397,5824,29971]} 1. d4 {[%emt 0:00:00]} d5 {[%emt 0:00:00]} 2. c4 {[%emt 0:00:00]} e6 {[%emt 0:00:00]} 3. Nf3 {[%emt 0:00:00]} Nf6 {[%emt 0:00:00]} 4. g3 {[%emt 0:00:34]} Bb4+ {[%emt 0:00:13]} 5. Bd2 {[%emt 0:00:43]} Be7 {[%emt 0:00:05]} 6. Bg2 {[%emt 0:00:16]} O-O {[%emt 0:01:47]} 7. O-O {[%emt 0:00:40]} c6 {[%emt 0:01:02]} 8. Qc2 {[%emt 0:02:48]} Nbd7 {[%emt 0:03:29]} 9. Bf4 {[%emt 0:00:46]} b6 {[%emt 0:01:25]} 10. Nbd2 {[%emt 0:02:01]} Bb7 {[%emt 0:01:53]} 11. a4 $146 {[%emt 0:11:28] E08: Closed Catalan: Main Line: 7 Qc2} ({Predecessor:} 11. e4 dxe4 12. Nxe4 Nxe4 13. Qxe4 Nf6 14. Qe2 c5 15. Rfd1 cxd4 16. Nxd4 Qc8 17. Bxb7 Qxb7 18. Qf3 Qxf3 19. Nxf3 Rfc8 20. b3 Kf8 21. Ne5 {½-½ (29) Postny,E (2636)-Vitiugov,N (2739) Tsaghkadzor 2015}) 11... Nh5 {[%emt 0:02:07]} 12. a5 {[%emt 0:01:01]} Nxf4 {[%emt 0:02:12]} 13. gxf4 {[%emt 0:00:07]} c5 {[%emt 0:09:24]} 14. a6 {[%emt 0:01:41]} Bc6 {[%emt 0:00:05]} 15. cxd5 {[%emt 0:00:23]} exd5 {[%emt 0:00:41]} 16. e3 {[%emt 0:01:07]} Bb5 {[%emt 0:06:52]} 17. Rfc1 {[%emt 0:00:08]} Rc8 {[%emt 0:07:11]} 18. Bh3 {[%emt 0:17:15]} Rc7 {[%emt 0:06:42]} 19. dxc5 {[%emt 0:02:48]} Nxc5 20. Nd4 Bd7 {[%emt 0:20:30]} (20... Bxa6 21. b4 $14) ({Much worse is} 20... Nxa6 $6 21. Qb1 $16) 21. Bg2 {[%emt 0:27:53]} Nxa6 {[%emt 0:03:01]} 22. Qb3 {[%emt 0:01:39]} Nb4 {[%emt 0:09:26]} 23. Bxd5 {[%emt 0:00:18]} a5 {[%emt 0:00:43]} 24. Be4 {[%emt 0:00:30]} Bc5 {[%emt 0:01:44]} 25. N2f3 {[%emt 0:02:40]} Qe7 {[%emt 0:03:23]} 26. Bb1 {[%emt 0:03:51]} (26. Ne5 $15) 26... Rd8 {[%emt 0:01:07]} 27. Ng5 {[%emt 0:04:39]} (27. Bd3 $17 {was worth a try.}) 27... g6 {[%emt 0:01:51]} 28. Ndf3 {[%emt 0:02:22]} a4 {[%emt 0:02:25]} (28... Bc6 $142 29. Nh4 Rdd7) 29. Qc4 {[%emt 0:00:52]} (29. Rxa4 $17 Bxa4 30. Qxa4) 29... Bc6 {[%emt 0:04:07]} 30. Be4 {[%emt 0:01:14] [#]} h6 {[%emt 0:04:02]} (30... Be8 $1 $19 31. Bb1 Bd6) 31. Bxc6 {[%emt 0:00:53]} Rxc6 {[%emt 0:00:06]} 32. Qxf7+ {[%emt 0:01:38]} Qxf7 {[%emt 0:00:57]} 33. Nxf7 {[%emt 0:00:00]} Kxf7 {[%emt 0:00:27]} 34. Ne5+ {[%emt 0:00:04]} Kf6 {[%emt 0:00:12]} 35. Nxc6 {[%emt 0:00:03]} Nxc6 {[%emt 0:00:06]} 36. Rxa4 {[%emt 0:00:10]} Rd2 {[%emt 0:00:30]} 37. b3 {[%emt 0:01:16]} Rb2 $2 {[%emt 0:00:17]} (37... Nb4 $11 38. Raa1 Na2) 38. Rxc5 {[%emt 0:00:07]} bxc5 {[%emt 0:00:49]} 39. Ra6 {[%emt 0:00:02]} Kf5 {[%emt 0:00:19]} 40. Rxc6 {[%emt 0:00:06]} Rxb3 {[%emt 0:00:02]} 41. Rxc5+ {[%emt 0:00:04]} Kf6 {[%emt 0:00:06]} 42. Kg2 {[%emt 0:00:17]} Rb2 {[%emt 0:00:06]} 43. Kf3 {[%emt 0:00:25]} Ra2 {[%emt 0:00:10]} 44. Rc6+ {[%emt 0:00:09]} Kf7 {[%emt 0:00:04]} 45. h4 {[%emt 0:00:03]} Kg7 {[%emt 0:00:14]} 46. Rc5 {[%emt 0:00:19]} Ra1 {[%emt 0:00:37]} 47. h5 {[%emt 0:00:19]} gxh5 {[%emt 0:00:14]} 48. Rxh5 {[%emt 0:00:05]} Kg6 {[%emt 0:00:04]} 49. Rc5 {[%emt 0:00:14]} Rf1 {[%emt 0:00:09]} 50. Rc6+ {[%emt 0:00:05]} Kg7 {[%emt 0:00:07]} 51. e4 {[%emt 0:00:08]} h5 {[%emt 0:00:08]} 52. f5 {[%emt 0:00:13]} Kf7 {[%emt 0:00:11]} 53. e5 $18 {[%emt 0:00:04]} Kg7 {[%emt 0:00:24]} 54. Rg6+ {[%emt 0:00:33]} Kh7 {[%emt 0:00:10]} 55. e6 {[%emt 0:00:08]} h4 {[%emt 0:00:11]} 56. e7 {[%emt 0:00:10]} Re1 {[%emt 0:00:06]} 57. Re6 {[%emt 0:00:05]} 1-0

[Event "LTU-ch Men 2019"]
[Site "Vilnius"]
[Date "2019.03.21"]
[Round "9.12"]
[White "Kalinauskas, Vytautas"]
[Black "Bagvilas, Lukas"]
[Result "0-1"]
[WhiteElo "1783"]
[BlackElo "1973"]
[Annotator "NA RC"]
[PlyCount "136"]
[EventDate "2019.??.??"]
[EventCountry "LTU"]
[SourceTitle "playchess.com"]
[Source "ChessBase"]
[SourceQuality "1"]
[TimeControl "5400+30"]

{[%evp 8,136,61,60,69,58,88,32767,32767,32767,32767,32767,32767,32767,16,9,18,25,65,48,52,50,51,42,54,34,52,29,49,17,39,32,28,-2,-6,-14,-8,-9,-7,-20,-18,-20,8,10,38,0,0,0,0,-8,-7,-11,0,-18,-7,-17,0,-121,-160,-159,-171,-150,-179,-150,-155,-128,-79,32767,32767,32767,32767,-122,-183,-150,-134,-131,-165,-168,32767,32767,32767,32767,0,-71,-66,-77,-59,-50,-67,-54,-8,-14,32767,32767,32767,32767,-32,-19,-23,-22,-20,-14,-14,-16,-8,-22,-22,-59,-62,-68,-59,-47,-47,-60,-59,-59,-54,-121,-54,-107,-120,-163,-221,-4614,-4606,-1280,-5814,-29986,-29987,-29990,-29991]} 1. e4 {[%emt 0:00:00]} d5 {[%emt 0:00:17]} 2. exd5 {[%emt 0:00:00]} Qxd5 {[%emt 0:00:02]} 3. Nf3 {[%emt 0:00:00]} Nf6 {[%emt 0:00:17]} 4. d4 {[%emt 0:01:02]} Bg4 {[%emt 0:00:13]} 5. Be2 {[%emt 0:00:20]} e6 {[%emt 0:00:30]} 6. O-O {[%emt 0:01:40]} Qd7 $146 {[%emt 0:00:21] B01: Scandinavian Defence} ({Predecessor:} 6... Be7 7. h3 Bh5 8. c4 Qd7 9. Qb3 Bxf3 10. Bxf3 c6 11. Nc3 O-O 12. Rd1 Na6 13. Be3 Ne8 14. Qa4 Qc8 {1-0 (45) Alekseev,E (2616)-Swicarz,M (2378) Katowice 2017}) 7. Ne5 {[%emt 0:04:30]} Bxe2 {[%emt 0:00:06]} 8. Nxd7 {[%emt 0:00:04]} Bxd1 {[%emt 0:00:04]} 9. Nxf6+ {[%emt 0:00:05]} gxf6 {[%emt 0:00:04]} 10. Rxd1 {[%emt 0:00:07]} Bd6 {[%emt 0:00:06]} 11. Nc3 {[%emt 0:01:08]} c6 {[%emt 0:00:06]} 12. Ne4 {[%emt 0:00:39]} Ke7 {[%emt 0:00:50]} 13. Nxd6 {[%emt 0:07:38]} Kxd6 {[%emt 0:00:01]} 14. Bf4+ {[%emt 0:00:48]} Ke7 {[%emt 0:00:01]} 15. b3 {[%emt 0:10:13]} Na6 {[%emt 0:01:01]} 16. c3 {[%emt 0:03:59]} Rhg8 {[%emt 0:00:08]} 17. h3 {[%emt 0:09:24]} Rad8 {[%emt 0:00:42]} 18. Rd2 {[%emt 0:05:12]} Rd7 {[%emt 0:00:09]} 19. Rad1 {[%emt 0:01:02]} Nc7 {[%emt 0:00:51]} 20. Bxc7 {[%emt 0:06:08]} Rxc7 {[%emt 0:00:01]} 21. Kf1 {[%emt 0:00:26]} b6 {[%emt 0:00:08]} 22. g3 {[%emt 0:01:25]} h5 {[%emt 0:00:05]} 23. Ke2 {[%emt 0:00:33]} Rcc8 {[%emt 0:00:07]} 24. c4 {[%emt 0:09:13]} h4 {[%emt 0:03:30]} 25. g4 {[%emt 0:11:40]} b5 {[%emt 0:06:55]} 26. c5 {[%emt 0:09:31]} b4 {[%emt 0:01:07]} 27. a4 {[%emt 0:02:35]} a5 {[%emt 0:01:28]} 28. f4 {[%emt 0:07:03]} Rcd8 {[%emt 0:00:09]} 29. Kf3 {[%emt 0:03:10]} Rd5 {[%emt 0:00:35]} 30. Rd3 {[%emt 0:01:15]} Rgd8 {[%emt 0:01:23]} 31. R1d2 {[%emt 0:00:50]} f5 {[%emt 0:11:42]} 32. Rd1 {[%emt 0:02:23] [#]} (32. g5 $11) 32... f6 $1 {[%emt 0:00:11]} 33. gxf5 {[%emt 0:02:00]} Rxf5 {[%emt 0:00:05]} 34. Kg4 {[%emt 0:01:04]} Rg8+ {[%emt 0:00:07]} 35. Kf3 {[%emt 0:00:32]} Rg3+ {[%emt 0:00:06]} 36. Ke4 {[%emt 0:00:00]} Rh5 {[%emt 0:03:54]} (36... Rg2 $19 {has better winning chances.} 37. R1d2 Rg1) 37. Rxg3 {[%emt 0:00:26]} hxg3 {[%emt 0:00:01]} 38. Kf3 {[%emt 0:00:07]} Rxh3 {[%emt 0:00:07]} 39. Kg2 {[%emt 0:00:32]} Rh2+ {[%emt 0:00:25]} 40. Kxg3 {[%emt 0:00:01]} Rc2 {[%emt 0:00:02]} 41. Rh1 {[%emt 0:00:40]} Rc3+ {[%emt 0:04:11]} 42. Kf2 {[%emt 0:00:14]} Rxb3 {[%emt 0:22:34]} 43. Rh7+ {[%emt 0:00:01]} Kd8 {[%emt 0:00:07]} 44. Rh8+ {[%emt 0:00:13]} Ke7 {[%emt 0:02:07]} 45. Rh7+ {[%emt 0:00:04] [#]} Kf8 $1 {[%emt 0:02:56]} 46. Rc7 {[%emt 0:00:20]} Ra3 {[%emt 0:01:06]} 47. Rxc6 {[%emt 0:00:19]} Rxa4 {[%emt 0:02:16]} 48. Rb6 $1 {[%emt 0:00:40]} ({Don't blunder} 48. Rxe6 $2 b3 $19) 48... Ke7 {[%emt 0:00:07]} 49. f5 {[%emt 0:02:26]} exf5 {[%emt 0:05:00]} 50. d5 {[%emt 0:00:00]} Ra2+ {[%emt 0:02:12]} 51. Ke3 {[%emt 0:00:29]} Rc2 {[%emt 0:01:18]} 52. Rb5 {[%emt 0:01:14]} a4 {[%emt 0:02:19]} 53. Rb7+ {[%emt 0:00:33]} Ke8 {[%emt 0:00:04]} 54. Rxb4 {[%emt 0:00:25]} Rxc5 {[%emt 0:00:01]} 55. Rxa4 {[%emt 0:00:12]} Rxd5 {[%emt 0:00:01]} 56. Kf4 {[%emt 0:00:23]} Kf7 {[%emt 0:00:07]} 57. Rb4 {[%emt 0:00:52]} Kg6 {[%emt 0:00:06]} 58. Rb8 {[%emt 0:00:26]} Rd4+ {[%emt 0:00:10]} 59. Kf3 {[%emt 0:00:02]} Rd1 {[%emt 0:04:30]} 60. Kf4 {[%emt 0:00:30]} Rf1+ {[%emt 0:00:16]} 61. Kg3 {[%emt 0:00:19]} f4+ {[%emt 0:00:28]} 62. Kg2 {[%emt 0:00:10]} (62. Kh3 $15) 62... Ra1 {[%emt 0:00:12]} 63. Rb4 {[%emt 0:01:00]} (63. Kf3 $1 $11) 63... Kg5 {[%emt 0:00:06]} 64. Rb5+ {[%emt 0:00:27]} (64. Rb7 $17 {was called for.}) 64... Kg4 {[%emt 0:00:05]} 65. Rb8 $2 {[%emt 0:00:49]} (65. Rb2) 65... Ra2+ {[%emt 0:00:08]} 66. Kf1 {[%emt 0:01:09] [#]} Kg3 $19 {[%emt 0:00:07]} 67. Rb3+ {[%emt 0:00:10]} f3 {[%emt 0:00:04]} 68. Rb1 {[%emt 0:00:14]} Rh2 {[%emt 0:00:06]} 0-1

[Event "LTU-ch Men 2019"]
[Site "Vilnius"]
[Date "2019.03.21"]
[Round "9.13"]
[White "Slusnys, Evaldas"]
[Black "Narmontas, Raimondas"]
[Result "0-1"]
[WhiteElo "1849"]
[BlackElo "2019"]
[Annotator "NA RC"]
[PlyCount "74"]
[EventDate "2019.??.??"]
[EventCountry "LTU"]
[SourceTitle "playchess.com"]
[Source "ChessBase"]
[SourceQuality "1"]
[TimeControl "5400+30"]

{[%evp 12,71,27,0,35,5,12,-7,57,29,34,18,50,29,11,20,23,10,68,64,64,48,100,66,92,67,69,71,64,66,68,35,55,0,0,-3,32,-12,-30,-21,-21,-38,6,-180,-175,-188,-189,-189,-181,-331,-333,32767,32767,-395,32767,32767,32767,32767,-464,-501,-568,-522]} 1. e4 {[%emt 0:00:00]} c6 {[%emt 0:00:00]} 2. d4 {[%emt 0:01:27]} d5 {[%emt 0:00:00]} 3. exd5 {[%emt 0:01:39]} cxd5 {[%emt 0:00:25]} 4. c4 {[%emt 0:00:47]} Nf6 {[%emt 0:00:09]} 5. Nc3 {[%emt 0:00:34]} e6 {[%emt 0:00:06]} 6. Nf3 {[%emt 0:00:21]} Nc6 {[%emt 0:00:40]} 7. Bd3 {[%emt 0:01:07]} Be7 {[%emt 0:00:44] B14: Caro-Kann: Panov-Botvinnik Attack with 5...e6 and 5...g6} (7... dxc4 8. Bxc4 Bb4 9. O-O O-O 10. Bg5 h6 11. Bh4 Be7 12. a3 Nh5 13. Bxe7 Nxe7 14. d5 {½-½ (14) Harutyunian,T (2528)-Indjic,A (2620) Sitges 2018}) 8. O-O {[%emt 0:00:44]} dxc4 {[%emt 0:00:23]} 9. Bxc4 {[%emt 0:00:24]} Nb4 {[%emt 0:02:20]} ({Better is} 9... O-O $11) 10. Ne5 {[%emt 0:02:58]} O-O {[%emt 0:00:23]} 11. Bg5 {[%emt 0:05:00]} Nbd5 {[%emt 0:00:34]} 12. Rc1 {[%emt 0:01:12]} h6 $146 {[%emt 0:01:37]} ({Predecessor:} 12... Nb6 13. Bb3 Nfd5 14. Bxe7 Nxe7 15. Qf3 Ng6 16. Nxg6 hxg6 {1-0 (24) Chmiel,P (2280)-Votava,P Czechia 1995}) 13. Bh4 {[%emt 0:01:51]} Nxc3 {[%emt 0:07:41]} 14. bxc3 {[%emt 0:00:49]} Nd5 {[%emt 0:01:20]} 15. Bxe7 {[%emt 0:00:59]} Nxe7 {[%emt 0:00:02]} 16. Re1 {[%emt 0:07:37]} Nf5 {[%emt 0:03:59]} (16... b6 $14) 17. Qf3 {[%emt 0:06:02]} Qg5 {[%emt 0:02:56]} 18. Rb1 {[%emt 0:04:20]} Nh4 {[%emt 0:05:58]} 19. Qg3 {[%emt 0:06:19]} Nf5 {[%emt 0:09:38]} 20. Qxg5 {[%emt 0:00:55]} hxg5 {[%emt 0:00:05]} 21. Bd3 {[%emt 0:07:56]} Nd6 {[%emt 0:10:06]} 22. Re3 {[%emt 0:06:55]} Rd8 {[%emt 0:03:57]} 23. h3 {[%emt 0:06:43]} Bd7 {[%emt 0:03:01]} 24. g4 {[%emt 0:10:11]} Rac8 {[%emt 0:06:45]} 25. c4 {[%emt 0:07:55]} b6 {[%emt 0:05:07]} 26. Rc1 {[%emt 0:00:40]} Nb5 {[%emt 0:06:08]} 27. Rd1 $2 {[%emt 0:04:08]} (27. d5 $11) 27... Nxd4 {[%emt 0:06:43]} 28. Bh7+ {[%emt 0:00:35]} Kxh7 {[%emt 0:00:14]} 29. Rxd4 {[%emt 0:00:23]} Be8 {[%emt 0:00:16]} 30. Red3 {[%emt 0:01:03]} (30. Rxd8 $142 Rxd8 31. Nf3) 30... Rxd4 {[%emt 0:01:33]} 31. Rxd4 {[%emt 0:00:01]} f6 {[%emt 0:00:32]} 32. Nd3 {[%emt 0:05:40]} e5 {[%emt 0:00:33]} 33. Rd6 {[%emt 0:00:05]} Rxc4 {[%emt 0:00:18]} 34. Rd8 {[%emt 0:00:01]} Bc6 {[%emt 0:01:08]} 35. Rc8 {[%emt 0:00:31]} a5 {[%emt 0:01:08]} 36. f3 $19 {[%emt 0:02:51]} Bd5 {[%emt 0:00:56]} 37. Rb8 {[%emt 0:00:29]} Rc3 {[%emt 0:00:46]} 0-1